Globalización, ciudadanía y política social en América Latina: tensiones y contradicciones /
Guardat en:
| Autor principal: | |
|---|---|
| Altres autors: | |
| Format: | Text |
| Publicat: |
Caracas:
Nueva Sociedad
|
| Matèries: | |
| Etiquetes: |
Afegir etiqueta
Sense etiquetes, Sigues el primer a etiquetar aquest registre!
|
MARC
| LEADER | 00000 a a2200000 04500 | ||
|---|---|---|---|
| 001 | 31397 | ||
| 003 | |||
| 040 | |||
| 020 | |a 980-317-129-1 | ||
| 090 | |a 198306 | ||
| 100 | |a Pérez Baltodano | ||
| 245 | |a Globalización, ciudadanía y política social en América Latina: tensiones y contradicciones / |c Baltodano Pérez | ||
| 260 | |a Caracas: |b Nueva Sociedad | ||
| 300 | |a 224 p. | ||
| 650 | |a POBLACION INDIGENA | ||
| 650 | |a CIUDADANIA | ||
| 650 | |a IDENTIDAD SOCIAL | ||
| 650 | |a POLITICA SOCIAL | ||
| 650 | |a TEORIA SOCIAL | ||
| 650 | |a AMERICA LATINA | ||
| 700 | |a ed | ||
| 999 | |c 11944 |d 11944 | ||



